[Event "21st Schachtage"]
[Site "Hassloch GER"]
[Date "2006.06.06"]
[Round "7"]
[White "Strohhaeker,Rao"]
[Black "Rosenberg,O"]
[Result "1-0"]
[WhiteElo "2289"]
[BlackElo "2084"]

1.e4 g6 2.d4 Bg7 3.Nc3 d6 4.f4 Nf6 5.Nf3 c5 6.d5 Bd7 7.e5 dxe5 8.fxe5 Ng4
9.Bf4 g5 10.Nxg5 Bxe5 11.Bxe5 Nxe5 12.Qh5 Bg4 13.Qh6 Qd6 14.Qg7 Qf6 15.Qxf6 exf6
16.Nge4 Nbd7 17.h3 Bh5 18.Bb5 O-O 19.O-O Kg7 20.Rae1 a6 21.Bxd7 Nxd7 22.Nd6 Bg6
23.Re7 Ne5 24.Nxb7 Ra7 25.d6 Nc6 26.Rc7 Bxc2 27.Nxc5 Rxc7 28.dxc7 Nd4 29.Nd5 Nb5
30.Nd7 Rc8 31.N7b6  1-0

[Event "Lasker Mem A"]
[Site "Barlinek POL"]
[Date "2006.06.08"]
[Round "6"]
[White "Bronowicki,M"]
[Black "Szymczak,Z"]
[Result "0-1"]
[WhiteElo "2278"]
[BlackElo "2276"]

1.d4 g6 2.e4 Bg7 3.Nc3 d6 4.Nf3 Nf6 5.h3 O-O 6.Be3 c6 7.a4 Nbd7 8.g4 e5 9.dxe5 dxe5
10.Bc4 Qe7 11.Qe2 Nc5 12.Nd2 Ne6 13.Bxe6 Bxe6 14.Nb3 Nd7 15.O-O-O Rfd8 16.Rd2 Bxb3
17.cxb3 Nc5 18.Bxc5 Qxc5 19.Kb1 Qb6 20.Ka2 Rxd2 21.Qxd2 Rd8 22.Qc2 Bf8 23.Rd1 Rxd1
24.Nxd1 Bc5 25.f3 Bd4 26.Nc3 Qd8 27.Qd1 Qh4 28.Qf1 Qg5 29.Qe2 Qc1 30.Nd1 Kg7
31.h4 Qf4 32.Qg2 Kf6 33.Nc3 Qe3 34.Nd1 Qe1 35.Qc2 Qxh4 36.b4 Qe1 37.Nc3 Qe3
38.Qd1 Bxc3 39.Qd6+ Kg7 40.bxc3 Qxc3 41.a5 b6 42.Qe7 bxa5 43.g5 Qc4+ 44.Ka1 Qd4+
45.Ka2 axb4 46.Qf6+ Kg8  0-1

[Event "28th Nezhmetdinov mem"]
[Site "Kazan RUS"]
[Date "2006.06.08"]
[Round "8"]
[White "Demianjuk,A"]
[Black "Mihajlovskij,S"]
[Result "0-1"]
[WhiteElo "2356"]
[BlackElo "2414"]

1.e4 g6 2.d4 Bg7 3.Nc3 d6 4.f4 Nf6 5.Nf3 O-O 6.Bd3 Na6 7.O-O c5 8.d5 Nc7
9.a4 a6 10.Qe1 Bd7 11.a5 Bb5 12.Qh4 Qd7 13.Nxb5 axb5 14.f5 c4 15.Be2 gxf5
16.Ng5 h6 17.Ra3 c3 18.Rxc3 hxg5 19.Bxg5 Nxe4 20.Rh3 Nxg5 21.Qxg5 e6 22.Rf4 Qd8
23.Qg3 Qf6 24.Rfh4 Qg6 25.Qf3 Rfc8 26.dxe6 Nxe6 27.Rg3 Qf6 28.Qh5 Kf8 29.c3 Rxa5
30.Rf3 Ra1+ 31.Bf1 f4 32.Rg4 Rc5 33.Qh7 Ng5  0-1

[Event "2nd Festival"]
[Site "Lodi ITA"]
[Date "2006.06.08"]
[Round "5"]
[White "Lazic,Mir"]
[Black "Mrdja,M"]
[Result "1-0"]
[WhiteElo "2493"]
[BlackElo "2409"]

1.d4 g6 2.e4 Bg7 3.Nc3 d6 4.Be3 a6 5.Qd2 Nd7 6.a4 b6 7.Bc4 e6 8.Nge2 Bb7
9.f3 h6 10.O-O Ne7 11.Nf4 e5 12.Nfe2 exd4 13.Nxd4 Ne5 14.Be2 Qd7 15.Rad1 O-O-O
16.Nd5 Nxd5 17.exd5 Bxd5 18.Bxa6+ Bb7 19.Bxb7+ Kxb7 20.b3 Nc6 21.Nb5 g5 22.c4 Rhe8
23.Bf2 Qf5 24.Rfe1 Rxe1+ 25.Rxe1 Bf6 26.Rd1 h5 27.b4 Ra8 28.Nxc7  1-0

[Event "Lasker Mem A"]
[Site "Barlinek POL"]
[Date "2006.06.09"]
[Round "7"]
[White "Szwed,J"]
[Black "Szczepinski,M"]
[Result "1-0"]
[WhiteElo "2192"]
[BlackElo "2302"]

1.e4 g6 2.d4 Bg7 3.Nc3 d6 4.f4 a6 5.Nf3 b5 6.Bd3 Bb7 7.O-O Nd7 8.a4 b4 9.Nb1 e6
10.f5 Ngf6 11.Qe1 O-O 12.e5 dxe5 13.dxe5 Nxe5 14.Qxe5 Ng4 15.Qf4 exf5 16.Qxb4 Rb8
17.Qc4 Bd5 18.Qf4 Bxf3 19.Qxf3 Bxb2 20.Bxb2 Rxb2 21.Qf4 a5 22.Nd2 Rb4 23.Nc4 Re8
24.Rae1 Rxe1 25.Rxe1 Rxa4 26.h3 Nf6 27.Qe5 Kg7 28.Nxa5 Qd5 29.Nb3 Ra2 30.Qxc7  1-0

[Event "28th Nezhmetdinov mem"]
[Site "Kazan RUS"]
[Date "2006.06.09"]
[Round "9"]
[White "Gazizov,R"]
[Black "Ioffe,D"]
[Result "1/2-1/2"]
[WhiteElo "2254"]
[BlackElo "2161"]

1.e4 g6 2.d4 Bg7 3.Nc3 d6 4.Be3 a6 5.Nf3 b5 6.Bd3 Nf6 7.O-O O-O 8.h3 Bb7
9.Nd2 Nbd7 10.Ne2 e5 11.c3 d5 12.Ng3 Re8 13.Re1 exd4 14.Bxd4 c5 15.Bxf6 Nxf6
16.exd5 Qxd5 17.Nde4 Rad8 18.Nxf6+ Bxf6 19.Bf1 Rxe1 20.Qxe1 Kg7 21.a3 c4
22.Qe2 Bc6 23.Re1 h5 24.Qc2 Qd2 25.Qxd2 Rxd2 26.Re2 Rd1 27.Ne4 Bxe4 28.Rxe4 Rd2
29.Re2 Rxe2 30.Bxe2 Bg5  1/2-1/2

[Event "28th Nezhmetdinov mem"]
[Site "Kazan RUS"]
[Date "2006.06.09"]
[Round "9"]
[White "Reshetnikov,A"]
[Black "Balashov,Y"]
[Result "1-0"]
[WhiteElo "2377"]
[BlackElo "2462"]

1.e4 d6 2.d4 g6 3.Nc3 Bg7 4.Be3 c6 5.Qd2 b5 6.Bd3 Nd7 7.Nf3 a6 8.O-O Qc7
9.a4 b4 10.Nb1 a5 11.c3 Rb8 12.Qe2 Ngf6 13.Nbd2 O-O 14.Rfd1 c5 15.Bb5 Bb7
16.cxb4 axb4 17.dxc5 dxc5 18.Rac1 Rfd8 19.e5 Nxe5 20.Bxc5 Nxf3+ 21.Nxf3 Rxd1+
22.Qxd1 Rc8 23.Be3 Qb8 24.Rxc8+ Qxc8 25.Qc1 Qd8 26.Qd2 Nd5 27.Bd4 Qc7 28.Bxg7 Kxg7
29.Nd4 e5 30.Nc2 Qc5 31.Ne3 Nf4 32.Bf1 h5 33.Qc2 Qb6 34.Qc4 h4 35.Qb5 Qxb5
36.Bxb5 Kf6 37.Bc4 e4 38.a5 Ke5 39.a6 Ba8 40.Bxf7 g5 41.g3 hxg3 42.hxg3 Nd3
43.Bd5  1-0

[Event "Masters"]
[Site "Las Vegas USA"]
[Date "2006.06.10"]
[Round "2"]
[White "Aigner,M USA"]
[Black "Sarkar,J"]
[Result "0-1"]
[WhiteElo "2245"]
[BlackElo "2355"]

1.e4 g6 2.d4 Bg7 3.Nc3 d6 4.f4 a6 5.a4 Nc6 6.Nf3 Bg4 7.Be3 Bxf3 8.gxf3 d5
9.Qd2 e6 10.Rd1 Qd7 11.Bh3 Nge7 12.O-O Rd8 13.Ne2 Qd6 14.Kh1 Qb4 15.Qxb4 Nxb4
16.c3 Nbc6 17.Nc1 Nc8 18.f5 exf5 19.exf5 N6e7 20.Bf4 Nd6 21.Rfe1 Kf8 22.Nd3 Nexf5
23.Bxf5 Nxf5 24.Bxc7 Rc8 25.Bf4 h6 26.Nc5 g5 27.Be5 f6 28.Bg3 h5 29.Nxb7 h4
30.Bd6+ Kf7 31.Ba3 h3 32.Nd6+ Nxd6 33.Bxd6 Rc6 34.Re7+ Kg6 35.Bb4 Rb8 36.Re2 a5
37.Bxa5 Ra8 38.Bb4 Rxa4 39.Kg1 f5 40.Rde1 Bxd4+ 41.Kf1 Bf6 42.Re6 Rxe6 43.Rxe6 Kf7
44.Re2 d4 45.Kf2 d3 46.Rd2 Be5 47.Rxd3 Bxh2 48.Bd6 f4 49.Ba3 Bg3+ 50.Kf1 g4
51.Ke2 h2 52.Rd7+ Kg6 53.Rd6+ Kg5 54.Rd5+ Kh4 55.Be7+ Kh3  0-1

[Event "Lasker Mem A"]
[Site "Barlinek POL"]
[Date "2006.06.11"]
[Round "9"]
[White "Swiercz,D"]
[Black "Bylino,O"]
[Result "1-0"]
[WhiteElo "2185"]
[BlackElo "2316"]

1.e4 g6 2.d4 Bg7 3.Nc3 d6 4.Bg5 c6 5.Qd2 b5 6.a3 Nd7 7.f4 a6 8.Nf3 c5 9.dxc5 Nxc5
10.Bd3 Bb7 11.O-O Nf6 12.Rae1 O-O 13.Kh1 Qb6 14.e5 dxe5 15.fxe5 Ng4 16.h3 Bxf3
17.hxg4 Bxg4 18.Bxe7 Rfe8 19.Bf6 Be6 20.Qg5 Ra7 21.Rf4 h6 22.Qg3 Nxd3 23.cxd3 Bxf6
24.exf6 Rd7 25.Qh4 Kh7 26.Re5 Rh8 27.d4 Qc7 28.Qh2 h5 29.Rh4 Kg8 30.d5 Bg4
31.Rxg4  1-0

[Event "2nd Open"]
[Site "San Marino SMR"]
[Date "2006.06.11"]
[Round "9"]
[White "Pozzi,E"]
[Black "Cocchi,A"]
[Result "0-1"]
[WhiteElo "2223"]
[BlackElo "2333"]

1.e4 g6 2.d4 Bg7 3.Nc3 d6 4.Be3 a6 5.g3 Nd7 6.Bg2 e5 7.Nge2 Ne7 8.O-O O-O
9.Qd2 Nb6 10.b3 Be6 11.Rad1 Qc8 12.Bh6 Bg4 13.f3 Be6 14.a4 f6 15.Bxg7 Kxg7
16.a5 Nd7 17.f4 Bg4 18.h3 Bxe2 19.Nxe2 Nc6 20.h4 Qe8 21.dxe5 fxe5 22.f5 Nf6
23.fxg6 Qxg6 24.Rf5 Nxe4 25.Bxe4 Rxf5 26.Qd3 Raf8 27.Nc3 Qg4 28.Bxf5 Rxf5
29.Ne4 Rf3 30.Qd5 Re3 31.Rf1 Nd8 32.Qc4 c6 33.Nf2 Rxg3+ 34.Kh2 Qf3  0-1

[Event "VIII Open"]
[Site "Salou ESP"]
[Date "2006.06.12"]
[Round "6"]
[White "Fenollar Jorda,M"]
[Black "Narciso Dublan,M"]
[Result "0-1"]
[WhiteElo "2331"]
[BlackElo "2510"]

1.e4 g6 2.d4 Bg7 3.Nc3 d6 4.Be3 a6 5.Qd2 Nd7 6.h4 h6 7.g4 b5 8.h5 g5 9.f3 e6
10.Nge2 Ne7 11.Ng3 Bb7 12.Bd3 c5 13.dxc5 dxc5 14.f4 b4 15.Nd1 gxf4 16.Bxf4 Nc6
17.Be2 Nde5 18.c3 Qxd2+ 19.Kxd2 Bf6 20.Nf2 O-O-O+ 21.Kc2 Rdg8 22.Rae1 Bg5
23.Bxg5 Rxg5 24.Nf1 f5 25.Nh3 Rgg8 26.gxf5 exf5 27.Nd2 bxc3 28.bxc3 fxe4
29.Rhg1 Rxg1 30.Rxg1 Ne7 31.Nf4 Nf5 32.Ne6 Ne3+ 33.Kb1 c4 34.Nc5 Bd5 35.Ndxe4 Rf8
36.Bd1 Nd3 37.Ba4 Bxe4 38.Nxe4 Rf4 39.Nd2 Rf2 40.Ne4 Rf4 41.Nd2 Nd5 42.Kc2 Rf2
43.Rg3 Nc5 44.Bc6 Ne4  0-1

[Event "Open A"]
[Site "Voronezh RUS"]
[Date "2006.06.12"]
[Round "1"]
[White "Morozov,E"]
[Black "Zakharevich,I"]
[Result "1/2-1/2"]
[WhiteElo "2267"]
[BlackElo "2523"]

1.e4 g6 2.d4 Bg7 3.Nc3 d6 4.Be3 a6 5.Qd2 b5 6.Bd3 Nd7 7.Nf3 Bb7 8.h4 Ngf6
9.e5 dxe5 10.dxe5 Ng4 11.e6 fxe6 12.Ng5 Nf8 13.O-O-O Bd5 14.Nxd5 exd5 15.Bc5 Qd7
16.Rhe1 Bf6 17.Qf4 O-O-O  1/2-1/2

[Event "Open A"]
[Site "Voronezh RUS"]
[Date "2006.06.13"]
[Round "2"]
[White "Savosto,P"]
[Black "Gilbert,Je"]
[Result "1/2-1/2"]
[WhiteElo "2286"]
[BlackElo "2144"]

1.d4 g6 2.e4 Bg7 3.Nc3 d6 4.Be3 a6 5.a4 b6 6.Nf3 Bb7 7.Bd3 Nd7 8.O-O Ngf6
9.h3 O-O 10.Qd2 c5 11.d5 Qc7 12.Bc4 Rfe8 13.Bh6 Nf8 14.Bxg7 Kxg7 15.Rfe1 Rad8
16.Qd3 Qc8 17.Nd1 e6 18.Qc3 exd5 19.exd5 Rxe1+ 20.Nxe1 Nd7 21.Ne3 Kg8 22.Nf3 Re8
23.Rd1 Ne4 24.Qb3 Qd8 25.Bd3 Ng5 26.Be2 Bc8 27.Nd2 Ne4 28.Ndc4 Qh4 29.Rf1 h5
30.Bd3 Ndf6 31.Bxe4 Nxe4 32.Qxb6 Bxh3 33.Nxd6 Ng5 34.Nxe8 Bxg2 35.Nf6+ Kg7
36.Ne8+ Kg8 37.Nf6+ Kg7  1/2-1/2

[Event "Open A"]
[Site "Voronezh RUS"]
[Date "2006.06.14"]
[Round "3"]
[White "Charochkina,D"]
[Black "Filippov,Vl"]
[Result "1-0"]
[WhiteElo "2216"]
[BlackElo "2105"]

1.e4 g6 2.d4 Bg7 3.Nc3 d6 4.Be3 a6 5.h3 b5 6.a3 Bb7 7.f4 Nf6 8.Bd3 Nbd7 9.Nf3 c5
10.e5 Nd5 11.Nxd5 Bxd5 12.dxc5 dxe5 13.Bxb5 O-O 14.Qxd5 Qa5+ 15.b4 Qxb5 16.c4 Qa4
17.fxe5 Qb3 18.Bf4 Rad8 19.Qe4 a5 20.O-O axb4 21.Rfb1 Nxc5 22.Rxb3 Nxe4 23.axb4 g5
24.Nxg5 Nxg5 25.Bxg5 Bxe5 26.Rc1 f6 27.Bh6 Rfe8 28.c5 Bd4+ 29.Kf1 Rd5 30.c6 Rb5
31.Rc4 e5 32.c7 Rc8 33.Rg3+ Kf7 34.Rc6 Rb6 35.Rg7+ Ke8 36.Rc4 f5 37.Rxh7 Re6
38.h4 Bb6 39.Bg5 Rd6 40.Re7+ Kf8 41.Rxe5 Kf7 42.Rxf5+ Kg6 43.g4 Rxc7 44.h5+ Kg7
45.Rxc7+ Bxc7 46.Bf4 Rc6 47.Bxc7 Rxc7 48.g5 Rc2 49.Kg1  1-0

[Event "Open A"]
[Site "Voronezh RUS"]
[Date "2006.06.14"]
[Round "3"]
[White "Ter Karapetian,Al"]
[Black "Koreschikov,M"]
[Result "0-1"]
[WhiteElo "2155"]
[BlackElo "2248"]

1.e4 g6 2.d4 Bg7 3.Nc3 d6 4.Be3 c6 5.Bc4 Nf6 6.f3 d5 7.exd5 Nxd5 8.Bxd5 cxd5
9.Nge2 Nc6 10.O-O O-O 11.Qd2 Re8 12.Rad1 b6 13.Rf2 Ba6 14.Bh6 Bh8 15.h4 Qd7
16.Be3 Rad8 17.b3 h5 18.Nf4 e5 19.Nfxd5 exd4 20.Bg5 dxc3 21.Qf4 Qxd5 22.Rxd5 Rxd5
23.g4 Bd4 24.gxh5 Re2 25.Qc1 Bxf2+  0-1

[Event "III Muhamedzjanov Mem"]
[Site "Nabereshnye Chelny RUS"]
[Date "2006.06.16"]
[Round "8"]
[White "Kovchan,A"]
[Black "Zhidkov,V"]
[Result "1/2-1/2"]
[WhiteElo "2499"]
[BlackElo "2416"]

1.e4 g6 2.d4 Bg7 3.Nc3 d6 4.f4 Nf6 5.Nf3 O-O 6.Bd3 Nc6 7.e5 dxe5 8.fxe5 Nd5
9.Nxd5 Qxd5 10.c3 Be6 11.Qe2 Rad8 12.O-O f6 13.Be4 Qc4 14.Bd3 Qd5 15.exf6 exf6
16.Bf4 Qd7 17.Bc4 Bxc4 18.Qxc4+ Rf7 19.Rfe1 Bf8 20.Rad1 Na5 21.Qd3 c5 22.d5 Qa4
23.Bg3 Qxa2 24.d6 Qc4 25.Qe3 b6 26.Nd2 Qg4 27.h3 Qg5 28.Qxg5 fxg5 29.b4 cxb4
30.cxb4 Nb7 31.Ne4 h6 32.Rd2 Bg7 33.Rc1 Re8 34.Nf2 Re3 35.Rc8+  1/2-1/2

[Event "Open A"]
[Site "Voronezh RUS"]
[Date "2006.06.16"]
[Round "5"]
[White "Eraschenkov,D"]
[Black "Shamugia,S"]
[Result "1/2-1/2"]
[WhiteElo "2385"]
[BlackElo "2263"]

1.Nc3 g6 2.d4 Bg7 3.e4 d6 4.f4 Nf6 5.Nf3 O-O 6.Bd3 c5 7.dxc5 dxc5 8.e5 Nd5
9.Nxd5 Qxd5 10.Qe2 Nc6 11.O-O Bg4 12.c3 Rad8 13.Bc4 Qd7 14.Be3 b6 15.Rad1 Qc8
16.h3 Rxd1 17.Rxd1 Be6 18.Ng5 Bxc4 19.Qxc4 h6 20.Nf3 Rd8 21.Rxd8+ Qxd8 22.Qe4 Qd7
23.Nd2 Qe6 24.Qc4 Qxc4 25.Nxc4 f6 26.exf6 exf6 27.f5 gxf5 28.Nd6 Ne7 29.Kf2 Kh7
30.a4 h5 31.a5 Bh6 32.a6 Bxe3+ 33.Kxe3 Nd5+ 34.Kd3 Nc7 35.Kc4 Kg6 36.h4 Nxa6
37.Kb5 Nc7+ 38.Kc6 Ne6 39.Nc8 Nf4 40.g3 Nd3 41.Ne7+ Kf7 42.Nxf5 Nxb2 43.Kb7 a5
44.Kxb6 a4 45.Kxc5 a3 46.Nd4 a2 47.Nc2 Nd3+ 48.Kd4 Nc1 49.Ke3 Nb3 50.c4 f5
51.Kd3 Ke6 52.Kc3 Nc5 53.Kb2 Ke5 54.Kxa2  1/2-1/2

[Event "Open A"]
[Site "Voronezh RUS"]
[Date "2006.06.16"]
[Round "5"]
[White "Semenova,Ir"]
[Black "Filippov,Vl"]
[Result "1-0"]
[WhiteElo "2240"]
[BlackElo "2105"]

1.e4 d6 2.d4 g6 3.Nc3 Bg7 4.f4 Nf6 5.Nf3 O-O 6.Bd3 a6 7.O-O c5 8.dxc5 dxc5
9.Be3 b6 10.e5 Ng4 11.Bd2 Nh6 12.Qe1 Ra7 13.Rd1 Nc6 14.Kh1 Bf5 15.Ne4 f6
16.Bc3 Qb8 17.exf6 exf6 18.Qh4 Ng4 19.Rde1 Qxf4 20.h3 g5 21.Qh5 Ne3 22.Rxe3 Qxe3
23.Bd2 Bg6 24.Qg4 f5 25.Qg3 Be5 26.Bxe3 Bxg3 27.Nxg3  1-0

[Event "Open A"]
[Site "Balatonlelle HUN"]
[Date "2006.06.17"]
[Round "1"]
[White "Grandelius,N"]
[Black "Csala,I"]
[Result "0-1"]
[WhiteElo "2113"]
[BlackElo "2332"]

1.e4 d6 2.d4 g6 3.Nc3 Bg7 4.f4 c6 5.Nf3 b5 6.Bd3 Nd7 7.O-O Qb6 8.Be3 e5 9.Ne2 Ngf6
10.Kh1 O-O 11.Qd2 Ng4 12.Bg1 Qc7 13.h3 Ngf6 14.g4 Bb7 15.dxe5 dxe5 16.Bh2 c5
17.fxe5 Nxe4 18.Bxe4 Bxe4 19.Nc3 Bxf3+ 20.Rxf3 Nxe5 21.Qg2 Qc6 22.Bxe5 Bxe5
23.Re1 Bd4 24.Re7 Bf6 25.Nd5 Qxd5 26.Rxf6 Qxa2 27.Rfxf7 Rxf7 28.Qxa8+ Kg7
29.Rxf7+ Qxf7 30.Qe4 Qc7 31.Kg2 a5 32.Qe8 b4 33.Qb5 Kf6 34.Qe8 c4 35.Qe4 c3
36.b3 Qe5 37.Qf3+ Kg5 38.Qd3 Kh4 39.Qd8+ Qg5 40.Qd3 Qd2+  0-1

[Event "Open A"]
[Site "Balatonlelle HUN"]
[Date "2006.06.18"]
[Round "2"]
[White "Vyskocil,N"]
[Black "Obran,H"]
[Result "1-0"]
[WhiteElo "2307"]
[BlackElo "2020"]

1.e4 d6 2.d4 g6 3.Nc3 Bg7 4.Be3 Nf6 5.h3 c6 6.f4 Qa5 7.Bd3 Na6 8.a3 c5 9.dxc5 Nxc5
10.Bb5+ Nfd7 11.Bd4 Ne6 12.Bxg7 Nxg7 13.Qd2 a6 14.Bc4 O-O 15.O-O-O b5 16.Ba2 Bb7
17.Nf3 Rab8 18.Nd5 Qd8 19.Rhe1 a5 20.f5 b4 21.a4 Nc5 22.Qh6 Nce6 23.fxe6 Nxe6
24.Nf4  1-0

[Event "III Muhamedzjanov Mem"]
[Site "Nabereshnye Chelny RUS"]
[Date "2006.06.18"]
[Round "11"]
[White "Mingachev,M"]
[Black "Zhidkov,V"]
[Result "1-0"]
[WhiteElo "2359"]
[BlackElo "2416"]

1.e4 g6 2.d4 Bg7 3.Nc3 d6 4.f4 Nf6 5.Nf3 O-O 6.Bd3 Nc6 7.O-O Bg4 8.e5 dxe5
9.dxe5 Nd5 10.Be4 Nxc3 11.bxc3 Qxd1 12.Rxd1 f6 13.Rb1 Rab8 14.h3 Bxf3 15.gxf3 Rfd8
16.Ba3 fxe5 17.Rxd8+ Nxd8 18.f5 Kf7 19.fxg6+ hxg6 20.Rd1 Bf6 21.Rd7 c6 22.Bc5 Ke8
23.Rc7 g5 24.Bxa7 Ra8 25.Be3 Rxa2 26.Bg6+ Kf8 27.Bd3 Rb2 28.Rc8 e6 29.Rc7 Be7
30.Bg6 Rb1+ 31.Kg2 Rd1 32.h4 Re1 33.Bf2 Re2 34.Kf1 Rd2 35.h5 Rd1+ 36.Kg2 Rd2
37.h6  1-0

[Event "20th Open"]
[Site "Pula CRO"]
[Date "2006.06.18"]
[Round "1"]
[White "Kovacevic,A"]
[Black "Koenig,Dir"]
[Result "1-0"]
[WhiteElo "2536"]
[BlackElo "2071"]

1.e4 d6 2.d4 g6 3.Nc3 Bg7 4.f4 c6 5.Nf3 Nf6 6.Bd3 O-O 7.O-O e5 8.dxe5 Ng4
9.Qe1 dxe5 10.h3 Nf6 11.Nxe5 Nh5 12.Nf3 Bh6 13.Ne2 c5 14.e5 Ng7 15.g4 Qb6
16.Kh2 Ne6 17.f5 Bxc1 18.Qxc1 gxf5 19.gxf5 Ng7 20.f6 Qe6 21.Nf4  1-0

[Event "Open"]
[Site "Teplice CZE"]
[Date "2006.06.18"]
[Round "3"]
[White "Balin,J"]
[Black "Vokac,M"]
[Result "1/2-1/2"]
[WhiteElo "2252"]
[BlackElo "2455"]

1.d4 g6 2.e4 Bg7 3.Nc3 d6 4.Be3 a6 5.Qd2 Nd7 6.f3 b5 7.Nh3 Bb7 8.Be2 c5 9.Rd1 cxd4
10.Bxd4 Bxd4 11.Qxd4 Ngf6 12.Nf2 Qb6 13.Qd2 Rc8 14.O-O O-O 15.Kh1 Kg7 16.Nd3 Rfd8
17.a3 h6 18.Rfe1 Nc5 19.Qe3 Na4 20.Qxb6 Nxb6 21.Nc1 e5 22.Rd2 Kf8 23.Red1 Ke7
24.Kg1 d5 25.exd5 Nfxd5 26.Nxd5+ Nxd5 27.Bf1 f6 28.Nb3 Ba8 29.c3 g5 30.Na5 Ne3
31.Rxd8 Rxd8 32.Rxd8 Kxd8 33.Be2 Kc7 34.Kf2 Nf5 35.Nb3 Kd6 36.Bd3 Ne7 37.c4 bxc4
38.Bxc4 Bd5 39.Bxd5 Kxd5 40.Ke2 h5 41.Kd3 g4 42.Nd2 Ng6 43.Ke3 f5 44.g3 gxf3
45.Nxf3 Ne7 46.Nd2 Nc6 47.Kd3 Nd4 48.h3 Ne6 49.Ke3 f4+ 50.gxf4 Nxf4 51.Ne4 Kc4
52.Nd2+ Kd5 53.Ne4 Nxh3 54.Nf6+ Kc4 55.Nxh5 Ng5 56.Nf6 Kb3 57.Nd7 Kxb2 58.Nxe5 Kxa3
59.Kd4 Kb3 60.Nc6 Ne6+ 61.Kd5 Nc7+ 62.Kc5 Na8 63.Na5+ Ka4 64.Nb7 Ka3 65.Na5  1/2-1/2

[Event "Open A"]
[Site "Voronezh RUS"]
[Date "2006.06.18"]
[Round "6"]
[White "Gabrielian,A"]
[Black "Tseshkovsky,V"]
[Result "1-0"]
[WhiteElo "2520"]
[BlackElo "2572"]

1.e4 g6 2.d4 Bg7 3.Nc3 d6 4.Nf3 a6 5.a4 Nf6 6.h3 O-O 7.Be2 b6 8.e5 dxe5 9.Nxe5 Bb7
10.Bf3 Qc8 11.O-O Rd8 12.Re1 Ra7 13.a5 b5 14.Nd3 Nc6 15.Bxc6 Bxc6 16.Rxe7 b4
17.Nxb4 Bxg2 18.Kxg2 Qb7+ 19.Qf3 Qxb4 20.Rb1 h6 21.Re1 Qb7 22.h4 Qxf3+ 23.Kxf3 Ne8
24.Bf4 Kf8 25.Ne4 Rd7 26.b4 g5 27.Be3  1-0

[Event "Open A"]
[Site "Voronezh RUS"]
[Date "2006.06.18"]
[Round "6"]
[White "Ter Karapetian,Al"]
[Black "Filippov,Vl"]
[Result "1-0"]
[WhiteElo "2155"]
[BlackElo "2105"]

1.e4 d6 2.d4 g6 3.Nc3 Bg7 4.Bg5 c6 5.Qd2 Qb6 6.O-O-O Nd7 7.f4 h6 8.Bh4 Qc7
9.Nf3 Nb6 10.h3 Bd7 11.g4 O-O-O 12.Bf2 Nf6 13.Kb1 Kb8 14.Qe1 Rc8 15.Rg1 Rhd8
16.f5 e5 17.dxe5 dxe5 18.Nxe5 Nxe4 19.Nxd7+ Qxd7 20.Rxd7 Nxc3+ 21.bxc3 Rxd7
22.Bxb6 axb6 23.Qg3+ Ka7 24.Bd3 Rcd8 25.Kb2 gxf5 26.gxf5 Bf6 27.Re1 Rd5 28.Re4 b5
29.Qe3+ b6 30.Qxh6 R8d6 31.Qe3 Rc5 32.Qf4 Bxc3+ 33.Kb1 Rcd5 34.Re7+ Rd7 35.Rxd7+ Rxd7
36.a3 f6 37.Qf3 Rd5 38.Be4 Rc5 39.Bxc6 b4 40.axb4 Bxb4 41.Qe4 Bc3 42.Qe7+ Ka6
43.Qb7+ Ka5  1-0

[Event "Open A"]
[Site "Voronezh RUS"]
[Date "2006.06.19"]
[Round "7"]
[White "Krivolapov,V"]
[Black "Gilbert,Je"]
[Result "1-0"]
[WhiteElo "2030"]
[BlackElo "2144"]

1.e4 g6 2.d4 Bg7 3.Nc3 d6 4.Be3 a6 5.Qd2 b5 6.Nf3 Bb7 7.Bd3 Nd7 8.a4 b4 9.Ne2 c5
10.h3 Rc8 11.b3 Qa5 12.O-O cxd4 13.Bxd4 e5 14.Bb2 Bh6 15.Qe1 Ngf6 16.Ng3 Nc5
17.Nd2 Qc7 18.Nc4 a5 19.Rd1 O-O 20.f4 Nfd7 21.f5 Nxd3 22.cxd3 Nc5 23.f6 Bf4
24.Ne2 Ne6 25.Nxf4 Nxf4 26.Qh4 h5 27.Rxf4 exf4 28.Qxf4 Kh7 29.Bc1 g5 30.Qf3 Kh6
31.h4 Qd7 32.Bxg5+ Kg6 33.Nxd6 Rc5 34.Nxb7 Qxb7 35.d4 Rxg5 36.hxg5  1-0

[Event "Open"]
[Site "Teplice CZE"]
[Date "2006.06.20"]
[Round "5"]
[White "Kotek,D"]
[Black "Hruby,Va"]
[Result "1-0"]
[WhiteElo "2301"]
[BlackElo "1871"]

1.e4 d6 2.d4 g6 3.Nc3 Bg7 4.Be3 Nd7 5.f4 a6 6.Nf3 b5 7.Bd3 Bb7 8.e5 c5 9.exd6 exd6
10.O-O Ngf6 11.Ng5 c4 12.Be2 h6 13.Bf3 d5 14.Nh3 Ne4 15.f5 Nxc3 16.bxc3 g5
17.Nf2 Nf6 18.Qd2 Nh7 19.Ng4 f6 20.Nf2 O-O 21.Bh5 Bc6 22.Qd1 Be8 23.Bg6 Bf7
24.Qh5 Qe7 25.Rfe1 Rfe8 26.Ng4 Qf8 27.a4 bxa4 28.Rxa4 a5 29.Rea1 Re7 30.Rxa5 Rxa5
31.Rxa5 Qe8 32.Bxf7+ Qxf7 33.Qxf7+ Kxf7 34.Bf2  1-0

[Event "20th Open"]
[Site "Pula CRO"]
[Date "2006.06.21"]
[Round "4"]
[White "Pavasovic,D"]
[Black "Shoker,S"]
[Result "1-0"]
[WhiteElo "2534"]
[BlackElo "2352"]

1.e4 g6 2.d4 Bg7 3.Nc3 d6 4.f4 a6 5.Nf3 Nd7 6.Be3 b5 7.Bd3 Bb7 8.e5 c5 9.Be4 Bxe4
10.Nxe4 cxd4 11.Bxd4 dxe5 12.fxe5 Nf8 13.Qe2 Ne6 14.O-O-O Nh6 15.Be3 Qc8
16.Nc3 Ng4 17.Nd5 Qb7 18.Bb6 Nf4 19.Nxf4 Qxb6 20.Nd5 Qc5 21.Rhe1 e6 22.Nc3 O-O
23.h3 Bh6+ 24.Kb1 Ne3 25.Rd3 Nc4 26.Ne4 Qc6 27.Nf6+ Kh8 28.h4 Rac8 29.c3 b4
30.Ng5 Qb5 31.Nfxh7 Nxb2 32.Kxb2 bxc3+ 33.Kc1 Qa4 34.Nxf8 Qxh4 35.Rh3 Qxg5+
36.Qe3 Kg7 37.Rxh6 Qxh6 38.Qxh6+ Kxh6 39.Nd7 Rc4 40.Nf6 Ra4 41.Re2 g5 42.Ne4 c2
43.Nc3 Rc4 44.Kxc2 Kg6 45.Kd3 Rc8 46.Rf2 Rd8+ 47.Ke3 Rc8 48.Ne4 Rc1 49.Rf6+ Kg7
50.Nxg5 Re1+ 51.Kf4 Re2 52.Rxf7+ Kg8 53.Ra7 Rxa2 54.g4 a5 55.Nxe6 a4 56.Kf5 Rg2
57.Rxa4 Rc2 58.Ra8+ Kh7 59.Ra7+ Kg8 60.g5  1-0

[Event "Open A"]
[Site "Voronezh RUS"]
[Date "2006.06.21"]
[Round "9"]
[White "Krivolapov,V"]
[Black "Lukovnikov,A"]
[Result "0-1"]
[WhiteElo "2030"]
[BlackElo "2279"]

1.e4 g6 2.d4 Bg7 3.Nc3 d6 4.g3 Nf6 5.Bg2 O-O 6.Nge2 Nbd7 7.O-O e5 8.h3 Re8
9.Be3 c6 10.g4 h5 11.g5 Nh7 12.dxe5 dxe5 13.Qd2 Qc7 14.Na4 Ndf8 15.c4 Ne6
16.Rab1 Rd8 17.Qc1 Qe7 18.h4 f6 19.f4 exf4 20.Nxf4 fxg5 21.hxg5 Nxf4 22.Bxf4 Be5
23.Be3 Bg4 24.b4 Rd3 25.b5 Rad8 26.bxc6 bxc6 27.Kh1 Qa3 28.Bf4 Rh3+ 29.Bxh3 Qxh3+
30.Kg1 Bd4+ 31.Rf2 Bf3  0-1

[Event "Open A"]
[Site "Voronezh RUS"]
[Date "2006.06.21"]
[Round "9"]
[White "Voitsekhovsky,S"]
[Black "Mihajlovskij,S"]
[Result "1-0"]
[WhiteElo "2490"]
[BlackElo "2414"]

1.e4 g6 2.d4 Bg7 3.Nc3 d6 4.Be3 Nd7 5.Qd2 c6 6.f4 Ngf6 7.Nf3 b5 8.Bd3 Nb6
9.b3 O-O 10.O-O Ng4 11.Ne2 a5 12.f5 Nxe3 13.Qxe3 e6 14.fxg6 fxg6 15.Ng5 Bh6
16.h4 Rxf1+ 17.Rxf1 Ra7 18.Qg3 e5 19.dxe5 dxe5 20.Qxe5 Re7 21.Qc5 Bb7 22.a4 Bg7
23.axb5 Nd7 24.Qc4+ Kh8 25.Nf7+ Rxf7 26.Qxf7 cxb5 27.Bxb5  1-0

[Event "Midnight Sun"]
[Site "Tromso NOR"]
[Date "2006.06.25"]
[Round "2"]
[White "Rozentalis,E"]
[Black "Wolferink,F"]
[Result "1-0"]
[WhiteElo "2596"]
[BlackElo "2129"]

1.e4 g6 2.d4 Bg7 3.Nc3 d6 4.g3 Nc6 5.d5 Nd4 6.Nb1 c5 7.c3 Qa5 8.Bd2 Nb5 9.c4 Qb6
10.cxb5 Bxb2 11.Nc3 Bxa1 12.Qxa1 Nf6  1-0

[Event "Suduroy International"]
[Site "Vagur AUT"]
[Date "2006.06.25"]
[Round "2"]
[White "Ziska,H"]
[Black "Andreasen,P"]
[Result "1-0"]
[WhiteElo "2306"]
[BlackElo "2303"]

1.e4 g6 2.d4 Bg7 3.Nc3 d6 4.Be3 a6 5.a4 Nd7 6.Nge2 c5 7.g3 Ngf6 8.h3 cxd4
9.Nxd4 b6 10.Bg2 Bb7 11.O-O Nc5 12.f3 O-O 13.Re1 Rc8 14.Bf2 Qc7 15.Nb3 Nfd7
16.Nxc5 bxc5 17.Qd2 Rb8 18.f4 Ba8 19.Nd5 Bxd5 20.exd5 Bxb2 21.Rab1 Bf6 22.Bf1 Nb6
23.a5 Na4 24.Rxb8 Rxb8 25.Re3 Rb1 26.Kg2 Nb2 27.Re1 Rxe1 28.Bxe1 Na4 29.Qd3 Qb7
30.Qb3 Qxb3 31.cxb3 Nc3 32.Bxa6 Nxd5 33.Bb7 Nc7 34.a6 Nb5 35.Ba5 Bd4 36.Bb6 e5
37.Bc6 c4 38.Bxd4  1-0

[Event "Midnight Sun"]
[Site "Tromso NOR"]
[Date "2006.06.26"]
[Round "3"]
[White "Bjerke,R"]
[Black "Johnsen,G"]
[Result "1/2-1/2"]
[WhiteElo "2223"]
[BlackElo "2215"]

1.e4 g6 2.d4 d6 3.Nc3 Bg7 4.Be3 a6 5.Qd2 b5 6.a4 b4 7.Nd1 Nf6 8.f3 a5 9.c3 bxc3
10.bxc3 O-O 11.Bh6 Nbd7 12.Bxg7 Kxg7 13.Bd3 c5 14.Ne2 cxd4 15.cxd4 e5 16.O-O d5
17.exd5 exd4 18.Nxd4 Nxd5 19.Nc3 Nxc3 20.Qxc3 Qf6 21.Be4 Rb8 22.Rfc1 Bb7
23.Bxb7 Rxb7 24.Nb5 Qxc3 25.Rxc3 Nb6 26.Nd6 Rd7 27.Rc6 Rfd8 28.Rxb6  1/2-1/2

[Event "II Perla Baltyku"]
[Site "Mielno POL"]
[Date "2006.06.27"]
[Round "8"]
[White "Tofil,B"]
[Black "Cherednichenko,S"]
[Result "1-0"]
[WhiteElo "2007"]
[BlackElo "2238"]

1.e4 g6 2.Nc3 Bg7 3.d4 d6 4.f4 c5 5.Nf3 cxd4 6.Nxd4 Nc6 7.Nxc6 bxc6 8.Be3 Nf6
9.Be2 O-O 10.O-O Qa5 11.Qd3 Ng4 12.Bxg4 Bxg4 13.f5 d5 14.fxg6 hxg6 15.exd5 Rad8
16.Rae1 cxd5 17.Bd4 Qb4 18.Bxg7 Kxg7 19.h3 Be6 20.b3 Rh8 21.Ne2 Rh4 22.c3 Qc5+
23.Nd4 Rdh8 24.Qe3 Rxd4 25.Qxd4+ Qxd4+ 26.cxd4 Rb8 27.Rc1 Rb4 28.Rfd1 a5
29.Rc3 a4 30.a3 Rb8 31.b4 Bf5 32.Rc7 Kf6 33.g4 Be4 34.Rf1+ Ke6 35.Rfc1 f5
36.R1c6+ Kf7 37.g5 Rh8 38.Rf6+ Ke8 39.Rc8+ Kd7 40.Rxh8 exf6 41.gxf6 Ke6 42.Rf8 Bd3
43.h4  1-0